<?xml version="1.0" encoding="UTF-8"?>
<record
    xmlns:xsi="http://www.w3.org/2001/XMLSchema-instance"
    xsi:schemaLocation="http://www.loc.gov/MARC21/slim http://www.loc.gov/standards/marcxml/schema/MARC21slim.xsd"
    xmlns="http://www.loc.gov/MARC21/slim">

  <leader>03307njm a2200493Ia 4500</leader>
  <controlfield tag="001">F0537</controlfield>
  <controlfield tag="003">IT-RoPAU</controlfield>
  <controlfield tag="005">20220918181113.0</controlfield>
  <controlfield tag="008">131025s9999    xx            000 0 und d</controlfield>
  <datafield tag="040" ind1=" " ind2=" ">
    <subfield code="a">IT-RoPAU</subfield>
  </datafield>
  <datafield tag="040" ind1=" " ind2=" ">
    <subfield code="c">IT-RoPAU</subfield>
  </datafield>
  <datafield tag="999" ind1=" " ind2=" ">
    <subfield code="c">99194</subfield>
    <subfield code="d">99194</subfield>
  </datafield>
  <datafield tag="999" ind1=" " ind2=" ">
    <subfield code="b">n.d.</subfield>
  </datafield>
  <datafield tag="100" ind1=" " ind2=" ">
    <subfield code="a">AA.VV.</subfield>
    <subfield code="9">794</subfield>
  </datafield>
  <datafield tag="100" ind1=" " ind2=" ">
    <subfield code="e">Autore musica</subfield>
    <subfield code="9">32181</subfield>
  </datafield>
  <datafield tag="100" ind1=" " ind2=" ">
    <subfield code="g">Codice autore musica SPICS: 12000</subfield>
    <subfield code="9">796</subfield>
  </datafield>
  <datafield tag="245" ind1=" " ind2=" ">
    <subfield code="a">Hit's Virgin Spot</subfield>
  </datafield>
  <datafield tag="250" ind1=" " ind2=" ">
    <subfield code="a">1a ed.</subfield>
  </datafield>
  <datafield tag="260" ind1=" " ind2=" ">
    <subfield code="a">MILANO</subfield>
  </datafield>
  <datafield tag="260" ind1=" " ind2=" ">
    <subfield code="b">VIRGIN RECORDS</subfield>
    <subfield code="c">1998 [1a Ed.:]</subfield>
  </datafield>
  <datafield tag="300" ind1=" " ind2=" ">
    <subfield code="a">COMPACT DISC</subfield>
  </datafield>
  <datafield tag="300" ind1=" " ind2=" ">
    <subfield code="c">52 minuti (Testo:  pag.)</subfield>
  </datafield>
  <datafield tag="500" ind1=" " ind2=" ">
    <subfield code="a">Spot tv. Colonna sonora di alcuni spot pubblicitari in televisione.</subfield>
  </datafield>
  <datafield tag="505" ind1=" " ind2=" ">
    <subfield code="a">6 Underground [(Spot Glen Grant) (Sneaker Pimps) (5:00)] - Mr. Gorgeous [(And Miss Curvaceous) (Spot Opel Corsa 1000) (Smoke City) (5:00)] - More Than This [(Spot Suzuki) (Ferry Bryan) (5:00)] - A Girl Like You [(Spot Rimmel) (Collins Edwin) (4:00)] - Boombastic [(Spot Levi's) (Shaggy) (5:00)] - Speaking In Tongues II [(Spot Invicta) (Chandra Sheila) (4:00)] - Zobi la mouche [(Spot Pocket Coffe) (Les Negresses Vertes) (4:00)] - Legends [(Spot Lee) (Sacred Spirit) (7:00)] - Ly O Lay Ale Loya [(Spot Gatorade) (Sacred Spirit) (4:00)] - The Eyes of Truth [(Spot Succo Batik) (Enigma) (7:00)] - River [(Spot Mediolanum Assicurazioni) (Morricone Ennio) (2:00)] - Leave Home [(Spot Colmar) (The Chemical Brothers) (6:00)]</subfield>
  </datafield>
  <datafield tag="650" ind1=" " ind2=" ">
    <subfield code="a">COLONNA SONORA [COMPACT DISC]</subfield>
    <subfield code="e">Codice MATERIA SPICS: 9949</subfield>
    <subfield code="9">32182</subfield>
  </datafield>
  <datafield tag="700" ind1=" " ind2=" ">
    <subfield code="a">Howe</subfield>
    <subfield code="d">Codice autore musica SPICS: 50293</subfield>
    <subfield code="e">Autore musica</subfield>
    <subfield code="p">6 Underground</subfield>
    <subfield code="9">32183</subfield>
  </datafield>
  <datafield tag="700" ind1=" " ind2=" ">
    <subfield code="a">Corner</subfield>
    <subfield code="d">Codice autore SPICS: 50294</subfield>
    <subfield code="e">Autore</subfield>
    <subfield code="p">6 Underground</subfield>
    <subfield code="9">32184</subfield>
  </datafield>
  <datafield tag="700" ind1=" " ind2=" ">
    <subfield code="a">Pickering Mike</subfield>
    <subfield code="d">Codice autore testo/musica SPICS: 47132</subfield>
    <subfield code="e">Autore testo/musica</subfield>
    <subfield code="p">6 Underground</subfield>
    <subfield code="9">32185</subfield>
  </datafield>
  <datafield tag="700" ind1=" " ind2=" ">
    <subfield code="a">Brown</subfield>
    <subfield code="d">Codice autore musica SPICS: 20445</subfield>
    <subfield code="e">Autore musica</subfield>
    <subfield code="p">Mr. Gorgeous (And Miss Curvaceous)</subfield>
    <subfield code="9">32186</subfield>
  </datafield>
  <datafield tag="700" ind1=" " ind2=" ">
    <subfield code="a">Franck</subfield>
    <subfield code="d">Codice autore SPICS: 50296</subfield>
    <subfield code="e">Autore</subfield>
    <subfield code="p">Mr. Gorgeous (And Miss Curvaceous)</subfield>
    <subfield code="9">32187</subfield>
  </datafield>
  <datafield tag="700" ind1=" " ind2=" ">
    <subfield code="a">Ferry Bryan</subfield>
    <subfield code="d">Codice autore musica SPICS: 16471</subfield>
    <subfield code="e">Autore musica</subfield>
    <subfield code="p">More Than This</subfield>
    <subfield code="9">32188</subfield>
  </datafield>
  <datafield tag="700" ind1=" " ind2=" ">
    <subfield code="a">Collins Edwin</subfield>
    <subfield code="d">Codice autore testo/musica SPICS: 46471</subfield>
    <subfield code="e">Autore testo/musica</subfield>
    <subfield code="p">A Girl Like You</subfield>
    <subfield code="9">32189</subfield>
  </datafield>
  <datafield tag="700" ind1=" " ind2=" ">
    <subfield code="a">Burrell O.</subfield>
    <subfield code="d">Codice autore musica SPICS: 49711</subfield>
    <subfield code="e">Autore musica</subfield>
    <subfield code="p">Boombastic</subfield>
    <subfield code="9">32190</subfield>
  </datafield>
  <datafield tag="700" ind1=" " ind2=" ">
    <subfield code="a">Floyd King</subfield>
    <subfield code="d">Codice autore SPICS: 49710</subfield>
    <subfield code="e">Autore</subfield>
    <subfield code="p">Boombastic</subfield>
    <subfield code="9">32191</subfield>
  </datafield>
  <datafield tag="700" ind1=" " ind2=" ">
    <subfield code="a">Coe Steve</subfield>
    <subfield code="d">Codice autore musica SPICS: 50297</subfield>
    <subfield code="e">Autore musica</subfield>
    <subfield code="p">Speaking In Tongues II</subfield>
    <subfield code="9">32192</subfield>
  </datafield>
  <datafield tag="700" ind1=" " ind2=" ">
    <subfield code="a">Chandra Sheila</subfield>
    <subfield code="d">Codice autore SPICS: 50298</subfield>
    <subfield code="e">Autore</subfield>
    <subfield code="p">Speaking In Tongues II</subfield>
    <subfield code="9">32193</subfield>
  </datafield>
  <datafield tag="700" ind1=" " ind2=" ">
    <subfield code="a">Negresses Vertes (Les)</subfield>
    <subfield code="d">Codice autore testo/musica SPICS: 30293</subfield>
    <subfield code="e">Autore testo/musica</subfield>
    <subfield code="p">Zobi la mouche</subfield>
    <subfield code="9">32194</subfield>
  </datafield>
  <datafield tag="700" ind1=" " ind2=" ">
    <subfield code="a">Brave (The)</subfield>
    <subfield code="d">Codice autore musica SPICS: 50299</subfield>
    <subfield code="e">Autore testo/musica</subfield>
    <subfield code="p">Legends - Ly O Lay Ale Loya</subfield>
    <subfield code="9">32195</subfield>
  </datafield>
  <datafield tag="700" ind1=" " ind2=" ">
    <subfield code="a">Kater Peter</subfield>
    <subfield code="d">Codice autore SPICS: 50301</subfield>
    <subfield code="e">Autore</subfield>
    <subfield code="p">Ly O Lay Ale Loya</subfield>
    <subfield code="9">32196</subfield>
  </datafield>
  <datafield tag="700" ind1=" " ind2=" ">
    <subfield code="a">Curly M.C.</subfield>
    <subfield code="d">Codice autore musica SPICS: 42237</subfield>
    <subfield code="e">Autore testo/musica</subfield>
    <subfield code="p">The Eyes of Truth</subfield>
    <subfield code="9">32197</subfield>
  </datafield>
  <datafield tag="700" ind1=" " ind2=" ">
    <subfield code="a">Morricone Ennio</subfield>
    <subfield code="d">Codice autore musica SPICS:  3535</subfield>
    <subfield code="e">Autore musica</subfield>
    <subfield code="p">River</subfield>
    <subfield code="9">32198</subfield>
  </datafield>
  <datafield tag="700" ind1=" " ind2=" ">
    <subfield code="a">Rowlands</subfield>
    <subfield code="d">Codice autore musica SPICS: 50302</subfield>
    <subfield code="e">Autore musica</subfield>
    <subfield code="p">Leave Home</subfield>
    <subfield code="9">32199</subfield>
  </datafield>
  <datafield tag="700" ind1=" " ind2=" ">
    <subfield code="a">Simons</subfield>
    <subfield code="d">Codice autore SPICS: 15821</subfield>
    <subfield code="e">Autore</subfield>
    <subfield code="p">Leave Home</subfield>
    <subfield code="9">32200</subfield>
  </datafield>
  <datafield tag="942" ind1=" " ind2=" ">
    <subfield code="c">CD</subfield>
    <subfield code="2">ddc</subfield>
  </datafield>
  <datafield tag="952" ind1=" " ind2=" ">
    <subfield code="0">0</subfield>
    <subfield code="1">0</subfield>
    <subfield code="4">0</subfield>
    <subfield code="6">F_0537_000000000000000</subfield>
    <subfield code="7">1</subfield>
    <subfield code="a">SPICS</subfield>
    <subfield code="b">SPICS</subfield>
    <subfield code="d">2013-10-25</subfield>
    <subfield code="l">0</subfield>
    <subfield code="o">F0537</subfield>
    <subfield code="r">2013-10-25 00:00:00</subfield>
    <subfield code="w">2013-10-25</subfield>
    <subfield code="y">CD</subfield>
    <subfield code="z">Progr. Ins.: 3118 / N.Vol.: 1 / Copie: 1 - Copia rara: n.d. / date import: 01.01.2014 - By Epidotti, Trombetti, Vaglietti</subfield>
  </datafield>
</record>
